| 000 | 00717nam a2200205Ia 4500 | ||
|---|---|---|---|
| 005 | 20241129105851.0 | ||
| 008 | 241129s9999||||xx |||||||||||||| ||und|| | ||
| 037 | _aTB | ||
| 040 |
_aARTS _bpun _cARTS |
||
| 041 |
_apun _2pun |
||
| 084 |
_aO153,3NLA,JK R1 _qARTS |
||
| 100 | _aਲੰਗਾਹ, ਨਿਰਮਲ ਨਿੰਮਾ, ਚ। | ||
| 245 | 0 |
_aਜਾਤ ਕੁਜਾਤ _cਲੰਗਾਹ, ਨਿਰਮਲ ਨਿੰਮਾ, ਚ। |
|
| 260 |
_aਪਟਿਆਲਾ, ਭਾਰਤ _bਪਟਿਆਲਾ ਗੈ੍ਰਸ਼ਿਸ ਭਾਰਤ _c2021 |
||
| 300 | _a217ਪ੍ਰ0 | ||
| 365 |
_aINR _b300 |
||
| 650 |
_aPunjabi Fiction _9179734 |
||
| 942 |
_cTB _hO153,3NLA,JK R1 |
||
| 999 |
_c1226354 _d1226354 |
||